|
|
|
|
| LEADER |
00000naa a2200000uu 4500 |
| 001 |
vtls010942765 |
| 003 |
SK-MaSNL |
| 005 |
20260302135827.0 |
| 008 |
210909|1997 xo |||||||||||||||||slo| |
| 015 |
|
|
|a SNBRA
|
| 035 |
|
|
|a (urnnbn)urn:nbn:sk:snk:ar-a0bd4m
|
| 035 |
|
|
|a (uuid)93a75528-a497-47c0-9b85-2af72ff03b71
|
| 035 |
|
|
|a urn:nbn:sk:snk-aau5dd
|
| 040 |
|
|
|a SNKBUCL
|b slo
|c SNKBUCL
|e AACR2
|
| 041 |
0 |
|
|a slo
|
| 044 |
|
|
|a xo
|c SK
|
| 100 |
1 |
|
|a Ruiselová, Zdena,
|d 1948-2020
|4 aut
|9 226872
|
| 245 |
1 |
0 |
|a NAJFREKVENTOVANEJŠIE ADJUSTAČNÉ PROBLÉMY ADOLESCENTOV NA SLOVENSKU
|c Zdena Ruiselová
|
| 773 |
0 |
|
|t Osobnosť v spoločenských makrozmenách
|d Bratislava : Ústav experimentálnej psychológie SAV, 1997
|g S. 194-200
|z 8096722867
|
| 958 |
|
|
|a OND
|
| 958 |
|
|
|a article11
|
| 958 |
|
|
|a chapter
|
| 999 |
|
|
|c 1328343
|d 1330273
|